Score 0/15 Timer 03:00
3 Plays Today
Gods Greek God % Correct
Jupiter or Zeus???
97.5%
Pluto or Hades???
96.5%
Hermes or Mercury???
94.6%
Neptune or Poseidon???
94.3%
Venus or Aphrodite???
93.6%
Kronos or Saturn???
93.2%
Hera or Juno???
93%
Mars or Ares???
92.1%
Gods Greek God % Correct
Hephaestus or Vulcan???
90.6%
Artemis or Diana???
89.9%
Dionysus or Bacchus???
86.9%
Vesta or Hestia???
86.8%
Ceres or Demeter???
77.7%
Eros or Cupid???
77.3%
Fauna or Maia???
63%
Remove Ads.
Support Sporcle.
Get the best of Sporcle when you Go Orange. This ad-free experience offers more features, more stats, and more fun while also helping to support Sporcle. Thank you for becoming a member.

You're not logged in!

Compare scores with friends on all Sporcle quizzes.
OR
Log In

Sporcle TV

Today on Sporcle TV


Watch our educational content, quiz creation guides, and fun videos on Sporcle TV.

Show Comments

Extras

Top Quizzes Today


Score Distribution

Paid Content

Your Account Isn't Verified!

In order to create a playlist on Sporcle, you need to verify the email address you used during registration. Go to your Sporcle Settings to finish the process.

Report this User

Report this user for behavior that violates our Community Guidelines.

Details: